[Event "Vojvodina op 15th"]
[Site "Novi Sad"]
[Date "2025.07.02"]
[Round "9"]
[White "Filip, Andrei"]
[Black "Tashkinova, Sofiia"]
[Result "0-1"]
[WhiteElo "2297"]
[BlackElo "2187"]
[PlyCount "86"]
[EventDate "2025.06.25"]
[EventType "swiss"]
[EventRounds "9"]
[EventCountry "SRB"]
[SourceTitle "CB27_2025"]
[SourceDate "2025.07.02"]
[SourceVersion "1"]
[SourceVersionDate "2025.07.02"]
[SourceQuality "1"]

1. e4 e6 2. d4 d5 3. e5 c5 4. c3 Nc6 5. Nf3 Nge7 6. Na3 Nf5 7. Nc2 Be7 8. Bd3 c4 9. Be2 b5 10. 0-0 0-0 11. g4 Nh4 12. Nxh4 Bxh4 13. f4 f6 14. exf6 Bxf6 15. Be3 Bd7 16. Bf3 Be8 17. Qd2 Bg6 18. Ne1 Qd7 19. Bf2 a5 20. Ng2 Bd8 21. Bg3 Bd3 22. Rfe1 Bb6 23. Kh1 b4 24. a4 Rae8 25. Bd1 b3 26. Bxb3 Nxd4 27. cxd4 Bxd4 28. Bc2 Bxb2 29. Rad1 Bxc2 30. Qxc2 c3 31. Re5 Qc6 32. Bf2 Rb8 33. Bd4 Rb4 34. Rh5 g6 35. Rg5 Rf7 36. Ne3 e5 37. Bxe5 d4+ 38. Ng2 Ba3 39. Rg1 Rb2 40. Qd3 Rd2 41. Qb1 c2 42. Qb8+ Bf8 43. Qb2 Rxg2 0-1

[Event "EU-ch 25th"]
[Site "Eforie Nord"]
[Date "2025.03.25"]
[Round "10"]
[White "Pisu, Robert Daniel"]
[Black "Tashkinova, Sofiia"]
[Result "1-0"]
[WhiteElo "2064"]
[BlackElo "2197"]
[PlyCount "63"]
[EventDate "2025.03.15"]
[EventType "swiss"]
[EventRounds "11"]
[EventCountry "ROU"]
[SourceTitle "CB13_2025"]
[SourceDate "2025.03.26"]
[SourceVersion "1"]
[SourceVersionDate "2025.03.26"]
[SourceQuality "1"]

1. Nf3 Nf6 2. g3 g6 3. d4 Bg7 4. Bg2 d6 5. 0-0 0-0 6. Re1 d5 7. c4 e6 8. Qc2 Ne4 9. Nc3 Nxc3 10. bxc3 Nd7 11. e4 dxc4 12. e5 Rb8 13. a4 a5 14. Bg5 Qe8 15. Nd2 h6 16. Be3 Nb6 17. Ne4 Qd8 18. Qd2 Kh7 19. Nf6+ Bxf6 20. exf6 Qxf6 21. Bxh6 Re8 22. Re4 Kg8 23. Bf4 Nd7 24. Bxc7 Ra8 25. Rae1 Ra6 26. Rh4 Qg7 27. Qg5 f6 28. Qb5 f5 29. Be5 Rb6 30. Bxg7 Rxb5 31. Rh8+ Kxg7 32. Rxe8 1-0

[Event "EU-ch 25th"]
[Site "Eforie Nord"]
[Date "2025.03.22"]
[Round "7"]
[White "Maltsevskaya, Aleksandra"]
[Black "Tashkinova, Sofiia"]
[Result "1-0"]
[WhiteElo "2376"]
[BlackElo "2197"]
[PlyCount "71"]
[EventDate "2025.03.15"]
[EventType "swiss"]
[EventRounds "11"]
[EventCountry "ROU"]
[SourceTitle "CB13_2025"]
[SourceDate "2025.03.26"]
[SourceVersion "1"]
[SourceVersionDate "2025.03.26"]
[SourceQuality "1"]

1. c4 e6 2. Nf3 Nf6 3. g3 d5 4. Bg2 dxc4 5. Qa4+ Bd7 6. Qxc4 c5 7. Ne5 Qc8 8. 0-0 Nc6 9. Nxd7 Qxd7 10. Nc3 Be7 11. d3 Rc8 12. Bg5 Nd4 13. a4 Ng4 14. Bxe7 Qxe7 15. a5 0-0 16. e3 Ne5 17. Qa4 Ndf3+ 18. Kh1 g5 19. a6 bxa6 20. Rad1 Rfd8 21. Bxf3 Nxf3 22. Qe4 Qf6 23. Kg2 Ne5 24. f4 gxf4 25. Rxf4 Qg7 26. d4 Ng6 27. Rf2 cxd4 28. exd4 Rc7 29. d5 Rcd7 30. dxe6 Rxd1 31. Nxd1 Rxd1 32. e7 Nxe7 33. Qxe7 Qg6 34. Rf4 Qc6+ 35. Kh3 Qc8+ 36. Rg4+ 1-0

[Event "EU-ch 25th"]
[Site "Eforie Nord"]
[Date "2025.03.16"]
[Round "2"]
[White "Tashkinova, Sofiia"]
[Black "Ilgililer, Bertug"]
[Result "1-0"]
[WhiteElo "2197"]
[BlackElo "1817"]
[PlyCount "117"]
[EventDate "2025.03.15"]
[EventType "swiss"]
[EventRounds "11"]
[EventCountry "ROU"]
[SourceTitle "CB13_2025"]
[SourceDate "2025.03.26"]
[SourceVersion "1"]
[SourceVersionDate "2025.03.26"]
[SourceQuality "1"]

1. e4 c5 2. Nf3 e6 3. d4 cxd4 4. Nxd4 Nc6 5. Nc3 Nf6 6. Nxc6 bxc6 7. e5 Nd5 8. Ne4 Qc7 9. f4 Qb6 10. a3 Ba6 11. c4 Ne3 12. Qd3 Nxc4 13. Qc3 d5 14. exd6 Nxd6 15. Nxd6+ Bxd6 16. Be3 c5 17. Qxg7 0-0-0 18. Bxa6+ Qxa6 19. Qc3 Bc7 20. Kf2 Rhg8 21. g3 Rd5 22. b4 e5 23. Rhd1 Rgd8 24. Rxd5 Rxd5 25. Rc1 Qh6 26. Kg2 exf4 27. Bxc5 Rd2+ 28. Bf2 Qd6 29. Qf3 Rd3 30. Qa8+ Kd7 31. Re1 Qc6+ 32. Qxc6+ Kxc6 33. a4 fxg3 34. hxg3 Bb6 35. Bxb6 axb6 36. Ra1 Rb3 37. a5 bxa5 38. bxa5 Rb8 39. a6 Ra8 40. a7 Kd6 41. Kf3 Ke5 42. Ra5+ Kf6 43. Kf4 Kg6 44. Ra6+ f6 45. Kg4 Kf7 46. Kf5 Kg7 47. g4 h6 48. Ke6 Kg6 49. Ra5 Re8+ 50. Kd6 Ra8 51. Kc6 Rxa7 52. Rxa7 f5 53. gxf5+ Kxf5 54. Kd5 h5 55. Rf7+ Kg4 56. Ke4 h4 57. Rg7+ Kh3 58. Kf3 Kh2 59. Kg4 1-0

[Event "Wch U20 Girls 41st"]
[Site "Petrovac"]
[Date "2025.03.03"]
[Round "7"]
[White "Mungunzul, Bat Erdene"]
[Black "Tashkinova, Sofiia"]
[Result "1-0"]
[WhiteElo "2268"]
[BlackElo "2197"]
[PlyCount "85"]
[EventDate "2025.02.25"]
[EventType "swiss"]
[EventRounds "11"]
[EventCountry "MNE"]
[SourceTitle "CB11_2025"]
[SourceDate "2025.03.12"]
[SourceVersion "1"]
[SourceVersionDate "2025.03.12"]
[SourceQuality "1"]

1. d4 Nf6 2. c4 g6 3. Nc3 Bg7 4. e4 d6 5. Nf3 0-0 6. Be2 Na6 7. 0-0 e5 8. Be3 Qe7 9. d5 Ng4 10. Bg5 f6 11. Bh4 g5 12. Bg3 f5 13. Nd2 Nf6 14. f3 f4 15. Bf2 h5 16. Re1 Qf7 17. Nf1 Qg6 18. b4 g4 19. c5 Nh7 20. Kh1 gxf3 21. Bxf3 Bg4 22. a3 Bf6 23. Nd2 Rf7 24. Rg1 Rg7 25. Qe2 dxc5 26. bxc5 Be7 27. Qc4 Kh8 28. c6 Bc8 29. cxb7 Bxb7 30. Rab1 Bc8 31. Nb5 Bf8 32. Qc3 Qe8 33. Nc4 Bd7 34. a4 Nf6 35. Nxe5 Ng4 36. Bd4 Bc5 37. Bxg4 hxg4 38. Nxd7 Bxd4 39. Nxd4 Rxd7 40. Ne6+ Kg8 41. Rbf1 Qh5 42. Rxf4 Qh4 43. Rgf1 1-0

[Event "Wch U20 Girls 41st"]
[Site "Petrovac"]
[Date "2025.02.28"]
[Round "4"]
[White "Tashkinova, Sofiia"]
[Black "Song, Yuxin"]
[Result "0-1"]
[WhiteElo "2197"]
[BlackElo "2381"]
[PlyCount "94"]
[EventDate "2025.02.25"]
[EventType "swiss"]
[EventRounds "11"]
[EventCountry "MNE"]
[SourceTitle "CB11_2025"]
[SourceDate "2025.03.12"]
[SourceVersion "1"]
[SourceVersionDate "2025.03.12"]
[SourceQuality "1"]

1. e4 c5 2. Nf3 g6 3. d4 cxd4 4. Nxd4 Nc6 5. Be3 Nf6 6. Bd3 Bg7 7. c4 Ne5 8. h3 0-0 9. Nc3 e6 10. Be2 d5 11. cxd5 exd5 12. f4 Nc4 13. Bxc4 dxc4 14. e5 Nd5 15. Nxd5 Qxd5 16. 0-0 a6 17. a4 Re8 18. Nf3 Qe4 19. Qd4 Bf5 20. Rfe1 Rac8 21. a5 Qc6 22. Qc3 Bxh3 23. Rad1 Bg4 24. Kf2 Red8 25. Bb6 Rd5 26. Rxd5 Qxd5 27. Re2 Bf8 28. Rd2 Qb5 29. Kg3 Bb4 30. Qd4 Bxf3 31. gxf3 Bxd2 32. Qxd2 Qe8 33. Qd4 Qe7 34. Qd6 Re8 35. Qd5 g5 36. Bc5 gxf4+ 37. Kxf4 Qe6 38. Qd4 Kh8 39. Bb6 Qh6+ 40. Ke4 f5+ 41. Kxf5 Rf8+ 42. Kg4 Qg7+ 43. Kh4 Rxf3 44. Qd8+ Rf8 45. Qg5 Qxg5+ 46. Kxg5 Kg7 47. e6 h6+ 0-1

[Event "Wch U20 Girls 41st"]
[Site "Petrovac"]
[Date "2025.02.27"]
[Round "3"]
[White "Beber, Anja"]
[Black "Tashkinova, Sofiia"]
[Result "0-1"]
[WhiteElo "1988"]
[BlackElo "2197"]
[PlyCount "106"]
[EventDate "2025.02.25"]
[EventType "swiss"]
[EventRounds "11"]
[EventCountry "MNE"]
[SourceTitle "CB11_2025"]
[SourceDate "2025.03.12"]
[SourceVersion "1"]
[SourceVersionDate "2025.03.12"]
[SourceQuality "1"]

1. e4 c5 2. Nf3 Nc6 3. d3 e5 4. g3 Nge7 5. Bg2 d6 6. h3 g6 7. 0-0 Bg7 8. c3 0-0 9. Nbd2 h6 10. Ne1 Be6 11. Nc2 d5 12. Qe2 Qd7 13. Kh2 f5 14. f3 Rad8 15. Re1 Rf7 16. Nf1 fxe4 17. dxe4 d4 18. Rd1 Qc7 19. Na3 a6 20. c4 Nb4 21. b3 Nec6 22. Bb2 Kh7 23. Qf2 Na5 24. Nc2 Nbc6 25. Ba3 Bf8 26. Nd2 b5 27. Bf1 Qb6 28. Bd3 Be7 29. Qe2 bxc4 30. bxc4 Nb4 31. Bxb4 cxb4 32. Rab1 Nb7 33. a3 a5 34. axb4 axb4 35. Nb3 Rdf8 36. Ne1 Qc6 37. Rb2 Qc8 38. Qg2 Bg5 39. h4 Be3 40. Nd2 Nc5 41. Rxb4 Bg4 42. Bb1 Bxd2 43. Rxd2 Bxf3 44. Nxf3 Rxf3 45. Rbb2 Nd7 46. Bd3 Nf6 47. Kg1 Ng4 48. Qh3 h5 49. Rb1 Qc5 50. Qg2 Kh8 51. Rbb2 Qa3 52. Qe2 Rxg3+ 53. Kh1 Rf2 0-1

[Event "London Classic op 14th"]
[Site "London"]
[Date "2024.12.06"]
[Round "8"]
[White "Golding, Alex"]
[Black "Tashkinova, Sofiia"]
[Result "1/2-1/2"]
[WhiteElo "2404"]
[BlackElo "2066"]
[PlyCount "59"]
[EventDate "2024.11.29"]
[EventType "swiss"]
[EventRounds "9"]
[EventCountry "ENG"]
[SourceTitle "CB50_2024"]
[SourceDate "2024.11.01"]
[SourceVersion "1"]
[SourceVersionDate "2024.11.01"]
[SourceQuality "2"]

1. Nf3 Nf6 2. g3 e6 3. Bg2 d5 4. 0-0 c5 5. d3 Nc6 6. Nbd2 Be7 7. e4 h6 8. Re1 0-0 9. c3 Qc7 10. e5 Nh7 11. a3 f6 12. exf6 Bxf6 13. Nb3 b6 14. d4 c4 15. Bf4 Qf7 16. Nbd2 g5 17. Bd6 Rd8 18. Be5 Be7 19. h4 Rf8 20. hxg5 hxg5 21. Qe2 Bd7 22. Nf1 Qg6 23. Ne3 Rf7 24. Ng4 Nf6 25. Nxf6+ Bxf6 26. Bxf6 Rxf6 27. Ne5 Nxe5 28. Qxe5 Raf8 29. Re2 Rf5 30. Qd6 1/2-1/2

[Event "London Classic op 14th"]
[Site "London"]
[Date "2024.12.05"]
[Round "7"]
[White "Tashkinova, Sofiia"]
[Black "Smith, Andrew Philip"]
[Result "1-0"]
[WhiteElo "2066"]
[BlackElo "2136"]
[PlyCount "115"]
[EventDate "2024.11.29"]
[EventType "swiss"]
[EventRounds "9"]
[EventCountry "ENG"]
[SourceTitle "CB50_2024"]
[SourceDate "2024.11.01"]
[SourceVersion "1"]
[SourceVersionDate "2024.11.01"]
[SourceQuality "2"]

1. e4 c5 2. Nf3 Nc6 3. Bb5 Nf6 4. e5 Nd5 5. 0-0 Nc7 6. Bxc6 dxc6 7. h3 g6 8. d3 Bg7 9. Nc3 0-0 10. Ne4 b6 11. a3 a5 12. Ned2 Be6 13. Re1 a4 14. Ng5 Bd5 15. c4 Be6 16. Ndf3 Bf5 17. d4 h6 18. Ne4 cxd4 19. Qxd4 Qxd4 20. Nxd4 Bd7 21. c5 b5 22. f4 Ne6 23. Nc2 f5 24. exf6 exf6 25. Be3 f5 26. Nc3 Rfd8 27. Nb4 Bf8 28. Nd3 Be8 29. Rad1 Ra7 30. Bf2 Bf7 31. Ne5 Rxd1 32. Rxd1 Nxf4 33. Nxc6 Rc7 34. Nd4 Bxc5 35. Ndxb5 Bxf2+ 36. Kxf2 Rc5 37. Rd4 g5 38. Nd6 Bb3 39. Kf3 Ne6 40. Rb4 Ra5 41. Nc8 Kg7 42. Rb7+ Kf6 43. Nd6 h5 44. g3 g4+ 45. hxg4 hxg4+ 46. Kf2 Ng5 47. Ne8+ Ke6 48. Ng7+ Ke5 49. Ke3 Kd6 50. Ne8+ Kc6 51. Rc7+ Kb6 52. Re7 Ne6 53. Ng7 Nc7 54. Kf4 Bc2 55. Re2 Bd3 56. Re5 Ra8 57. Nxf5 Nb5 58. Nd5+ 1-0

[Event "London Classic op 14th"]
[Site "London"]
[Date "2024.11.29"]
[Round "1"]
[White "Haydon, David Leslie"]
[Black "Tashkinova, Sofiia"]
[Result "1/2-1/2"]
[WhiteElo "2294"]
[BlackElo "2066"]
[PlyCount "172"]
[EventDate "2024.11.29"]
[EventType "swiss"]
[EventRounds "9"]
[EventCountry "ENG"]
[SourceTitle "CB50_2024"]
[SourceDate "2024.11.01"]
[SourceVersion "1"]
[SourceVersionDate "2024.11.01"]
[SourceQuality "2"]

1. d4 Nf6 2. c4 e6 3. Nf3 Bb4+ 4. Bd2 Qe7 5. Nc3 b6 6. a3 Bxc3 7. Bxc3 Bb7 8. Nd2 d6 9. Qc2 e5 10. d5 a5 11. b3 0-0 12. e4 Bc8 13. Be2 h6 14. 0-0 Nh7 15. Bd3 Nd7 16. b4 a4 17. Rae1 Ndf6 18. Qd1 g6 19. f4 Nh5 20. fxe5 dxe5 21. Nf3 f6 22. Nh4 Qe8 23. g3 Ng5 24. Re3 Ng7 25. b5 Kh7 26. Bb4 Rf7 27. Nf3 Bh3 28. Rf2 Qd7 29. Nxg5+ hxg5 30. Be2 g4 31. Bf1 Bxf1 32. Qxf1 Ne8 33. Re1 Kg7 34. Qe2 Nd6 35. Qc2 Nb7 36. Ref1 Nd6 37. Kg2 Qc8 38. Rh1 Qd7 39. Rhf1 Qc8 40. Qd3 Qd7 41. Bd2 Rh8 42. Be3 f5 43. exf5 gxf5 44. Bc1 Ne4 45. Re2 Rh5 46. Bb2 Re7 47. Qc2 Qd6 48. Qxa4 Qh6 49. Rh1 Kf6 50. Qb3 Rh3 51. Bc1 f4 52. Rc2 f3+ 53. Kg1 Qh5 54. d6 cxd6 55. Qd3 Qf5 56. Be3 Rb7 57. Qd5 Rb8 58. a4 Kg7 59. Rb2 Rf8 60. Bf2 Rf7 61. a5 bxa5 62. b6 Nc3 63. Qxa5 Ne2+ 64. Kf1 Qd3 65. Ke1 Nc3 66. Qa1 Rh8 67. Qc1 Qe4+ 68. Qe3 Ra8 69. Kd2 Qxe3+ 70. Bxe3 Ne4+ 71. Kd3 Nc5+ 72. Bxc5 dxc5 73. b7 Rb8 74. Rhb1 Rd7+ 75. Ke3 Kf6 76. Rb6+ Kf5 77. R6b5 Rc7 78. R1b2 Rd7 79. Rb6 Rc7 80. R6b5 Rd7 81. Rb6 Rh7 82. R6b5 Rc7 83. Kd3 Rd7+ 84. Ke3 Rc7 85. R5b3 Rd7 86. Rb5 Rc7 1/2-1/2

[Event "EU-Cup (Women) 28th"]
[Site "Vrnjacka Banja"]
[Date "2024.10.20"]
[Round "1.2"]
[White "Krasteva, Beloslava"]
[Black "Tashkinova, Sofiia"]
[Result "1-0"]
[WhiteElo "2274"]
[BlackElo "2066"]
[PlyCount "111"]
[EventDate "2024.10.20"]
[EventType "team-swiss"]
[EventRounds "7"]
[EventCountry "SRB"]
[SourceTitle "CB44_2024"]
[Source "Chessbase"]
[SourceDate "2024.10.30"]
[SourceVersion "1"]
[SourceVersionDate "2024.10.30"]
[SourceQuality "1"]
[WhiteTeam "MSK Centar (W)"]
[BlackTeam "Rishon Le Zion (W)"]
[WhiteTeamCountry "MKD"]
[BlackTeamCountry "ISR"]

1. d4 Nf6 2. c4 g6 3. Nc3 Bg7 4. e4 d6 5. h3 0-0 6. Be3 Nc6 7. d5 Ne5 8. f4 Ned7 9. Bd3 Nb6 10. Nf3 e6 11. 0-0 Qe7 12. Re1 Nfd7 13. Rc1 e5 14. f5 Nc5 15. g4 f6 16. b4 Nxd3 17. Qxd3 Bd7 18. c5 Nc8 19. Rc2 Qf7 20. Kh2 a6 21. Rec1 Ne7 22. cxd6 cxd6 23. Nd2 Rae8 24. Nc4 Nc8 25. Na5 h5 26. Qf1 Kh7 27. Qf3 Rh8 28. fxg6+ Kxg6 29. g5 f5 30. Rf2 f4 31. Bd2 b6 32. Nc6 h4 33. b5 axb5 34. Nxb5 Rh5 35. Rg2 Rxg5 36. Rxg5+ Kxg5 37. Bb4 Kh6 38. Bxd6 Qg6 39. Rg1 Qf6 40. Bb4 Bf8 41. Nc7 Bxb4 42. Nxe8 Bxe8 43. Nxb4 Bh5 44. Qc3 Nd6 45. Nd3 Nf7 46. Qc6 Nd6 47. Nf2 b5 48. Qd7 Nc4 49. Ng4+ Bxg4 50. hxg4 Qd6 51. g5+ Kg6 52. Qf5+ Kg7 53. g6 Qe7 54. Qh5 Qc5 55. Qh7+ Kf6 56. Qf7# 1-0

[Event "EU-ch U18 Girls"]
[Site "Prague"]
[Date "2024.08.31"]
[Round "9"]
[White "Barwinska, Ewa"]
[Black "Tashkinova, Sofiia"]
[Result "0-1"]
[WhiteElo "2035"]
[BlackElo "2093"]
[PlyCount "76"]
[EventDate "2024.08.22"]
[EventType "swiss"]
[EventRounds "9"]
[EventCountry "CZE"]
[SourceTitle "CBM 221 Extra"]
[Source "ChessBase"]
[SourceDate "2024.09.30"]
[SourceVersion "1"]
[SourceVersionDate "2024.09.30"]
[SourceQuality "1"]

1. e4 c5 2. Nf3 Nc6 3. d4 cxd4 4. Nxd4 e5 5. Nb5 d6 6. c4 a6 7. N5c3 Nf6 8. Na3 g6 9. Nc2 Bg7 10. Be2 Be6 11. 0-0 0-0 12. b3 Ne8 13. Ba3 f5 14. Qd3 Nd4 15. Nxd4 exd4 16. Nd5 Qh4 17. Bf3 Bxd5 18. exd5 Be5 19. g3 Qf6 20. Rad1 g5 21. Bb2 g4 22. Be2 Qg5 23. Bxd4 f4 24. Rfe1 Nf6 25. Bf1 Nd7 26. Bg2 Rf6 27. gxf4 Qxf4 28. Qg3 Bxd4 29. Qxf4 Rxf4 30. Re7 Bxf2+ 31. Kh1 Ne5 32. Rxb7 Raf8 33. Rc7 g3 34. hxg3 Bxg3 35. Bh3 Ng4 36. Bxg4 Rxg4 37. Rc6 Be5 38. Rxa6 Rf2 0-1

[Event "EU-ch U18 Girls"]
[Site "Prague"]
[Date "2024.08.30"]
[Round "8"]
[White "Tashkinova, Sofiia"]
[Black "Muradyan, Anahit"]
[Result "1-0"]
[WhiteElo "2093"]
[BlackElo "1753"]
[PlyCount "95"]
[EventDate "2024.08.22"]
[EventType "swiss"]
[EventRounds "9"]
[EventCountry "CZE"]
[SourceTitle "CBM 221 Extra"]
[Source "ChessBase"]
[SourceDate "2024.09.30"]
[SourceVersion "1"]
[SourceVersionDate "2024.09.30"]
[SourceQuality "1"]

1. e4 c5 2. Nf3 e6 3. d4 cxd4 4. Nxd4 Nf6 5. Nc3 Bb4 6. e5 Ne4 7. Qd3 Nxc3 8. bxc3 Be7 9. Nb5 0-0 10. Qg3 f5 11. exf6 Rxf6 12. Bg5 Rg6 13. h4 Bxg5 14. hxg5 Rxg5 15. Qh2 h6 16. f4 Rc5 17. g4 e5 18. g5 exf4 19. gxh6 Qe7+ 20. Kd1 d6 21. Qxf4 Nc6 22. hxg7 Qxg7 23. Bc4+ d5 24. Be2 Ne5 25. Qd4 Rc6 26. Rg1 Rg6 27. Rxg6 Nxg6 28. Qxd5+ Qf7 29. Qd8+ Kh7 30. Kc1 Qd7 31. Qf6 Qe7 32. Qf2 Be6 33. Kb2 a6 34. Rh1+ Kg7 35. Nd4 Rh8 36. Rg1 Qf7 37. Nxe6+ Qxe6 38. Qd4+ Qf6 39. Qd7+ Qf7 40. Qg4 Qf6 41. Bd3 Qb6+ 42. Ka1 Rh6 43. Qd7+ Kh8 44. Qe8+ Kg7 45. Qd7+ Kh8 46. Rf1 Qc6 47. Qd4+ Kg8 48. Bc4+ 1-0

[Event "EU-ch U18 Girls"]
[Site "Prague"]
[Date "2024.08.29"]
[Round "7"]
[White "Bargan, Victoria"]
[Black "Tashkinova, Sofiia"]
[Result "1-0"]
[WhiteElo "1977"]
[BlackElo "2093"]
[PlyCount "115"]
[EventDate "2024.08.22"]
[EventType "swiss"]
[EventRounds "9"]
[EventCountry "CZE"]
[SourceTitle "CBM 221 Extra"]
[Source "ChessBase"]
[SourceDate "2024.09.30"]
[SourceVersion "1"]
[SourceVersionDate "2024.09.30"]
[SourceQuality "1"]

1. d4 Nf6 2. c4 e6 3. Nc3 Bb4 4. Qc2 d6 5. Nf3 0-0 6. a3 Bxc3+ 7. Qxc3 b6 8. e3 Bb7 9. Bd3 Ne4 10. Qc2 f5 11. 0-0 Nd7 12. b4 Rf6 13. Bb2 Rh6 14. d5 e5 15. Bxe4 fxe4 16. Qxe4 Nf6 17. Qc2 Qe8 18. e4 Qh5 19. Rfe1 Rg6 20. Qe2 Qh3 21. g3 Bc8 22. Bxe5 dxe5 23. Nxe5 Rh6 24. f3 Ba6 25. b5 Re8 26. Nd3 Bc8 27. Nf4 Qd7 28. e5 g5 29. Nd3 Nxd5 30. cxd5 Qxd5 31. Qa2 Be6 32. Qxd5 Bxd5 33. Re3 Bc4 34. Rc1 Bxb5 35. Rxc7 a6 36. f4 Rd8 37. Nf2 gxf4 38. gxf4 Rg6+ 39. Rg3 Rf8 40. Nh3 Rd8 41. Rxg6+ hxg6 42. Ng5 Rd1+ 43. Kg2 Rd2+ 44. Kg3 Rd3+ 45. Kh4 Rxa3 46. Ne6 Bd3 47. Kg5 Bf5 48. Nd4 Rh3 49. Nxf5 gxf5 50. Kxf5 b5 51. e6 Kf8 52. Ke5 b4 53. f5 Rc3 54. Rb7 Rc5+ 55. Kf6 Rc8 56. Rxb4 a5 57. Ra4 Ra8 58. h4 1-0

[Event "EU-ch U18 Girls"]
[Site "Prague"]
[Date "2024.08.28"]
[Round "6"]
[White "Tashkinova, Sofiia"]
[Black "Tokarz, Izabela"]
[Result "0-1"]
[WhiteElo "2093"]
[BlackElo "1941"]
[PlyCount "142"]
[EventDate "2024.08.22"]
[EventType "swiss"]
[EventRounds "9"]
[EventCountry "CZE"]
[SourceTitle "CBM 221 Extra"]
[Source "ChessBase"]
[SourceDate "2024.09.30"]
[SourceVersion "1"]
[SourceVersionDate "2024.09.30"]
[SourceQuality "1"]

1. e4 d5 2. exd5 Qxd5 3. Nc3 Qd6 4. d3 Nf6 5. Be2 a6 6. Be3 Nc6 7. f4 e5 8. fxe5 Qxe5 9. Qd2 Bg4 10. Bf4 Qe6 11. Bxc7 Bc5 12. Bf4 0-0 13. h3 Bxe2 14. Ngxe2 b5 15. a3 Rfe8 16. 0-0-0 b4 17. axb4 Bxb4 18. Bg5 Nd5 19. Rde1 Qd6 20. Bf4 Qc5 21. d4 Qa5 22. Qd3 Rxe2 23. Qxe2 Nxc3 24. Qc4 Ne2+ 25. Kd1 Nxf4 26. c3 Qa4+ 27. Kc1 Qb5 28. Qxb5 axb5 29. Re4 Ra1+ 30. Kd2 Rxh1 31. cxb4 Ne6 32. d5 Ncd8 33. dxe6 Nxe6 34. Re5 Rg1 35. Rxb5 Rxg2+ 36. Kc3 Kf8 37. Rb8+ Ke7 38. b5 Kd7 39. Rb7+ Kd6 40. Rxf7 Kc5 41. Re7 Rg3+ 42. Kd2 Nd4 43. Re5+ Kb6 44. Rh5 h6 45. b4 Nxb5 46. Ke2 Nd4+ 47. Kf2 Rf3+ 48. Kg2 Rf6 49. Rd5 Nc2 50. Kg3 Nxb4 51. Rd7 g6 52. Rh7 h5 53. Kh4 Nd3 54. Kg5 Re6 55. Rf7 Kc5 56. Rf6 Rxf6 57. Kxf6 Kd4 58. Kxg6 Nf4+ 59. Kg5 Ke4 60. Kh4 Kf5 61. Kg3 Ng6 62. Kf3 Kg5 63. Kg3 Nh4 64. Kh2 Kf4 65. Kg1 Kg3 66. Kh1 Kxh3 67. Kg1 Kg3 68. Kh1 Nf5 69. Kg1 h4 70. Kh1 Ne3 71. Kg1 h3 0-1

[Event "EU-ch U18 Girls"]
[Site "Prague"]
[Date "2024.08.22"]
[Round "1"]
[White "Chuchukova, Stefani"]
[Black "Tashkinova, Sofiia"]
[Result "1/2-1/2"]
[WhiteElo "1858"]
[BlackElo "2093"]
[PlyCount "71"]
[EventDate "2024.08.22"]
[EventType "swiss"]
[EventRounds "9"]
[EventCountry "CZE"]
[SourceTitle "CBM 221 Extra"]
[Source "ChessBase"]
[SourceDate "2024.09.30"]
[SourceVersion "1"]
[SourceVersionDate "2024.09.30"]
[SourceQuality "1"]

1. e4 e6 2. d4 d5 3. Nc3 Nf6 4. e5 Nfd7 5. f4 c5 6. Nce2 Nc6 7. c3 Be7 8. Nf3 a6 9. Be3 0-0 10. h4 b5 11. dxc5 Nxc5 12. h5 Ne4 13. Ned4 Bb7 14. Bd3 Na5 15. f5 exf5 16. Nxf5 Nc4 17. Bxc4 dxc4 18. 0-0 Bc5 19. N3d4 Qd5 20. Qg4 g6 21. Nh6+ Kh8 22. Rad1 f5 23. Qh3 Qxe5 24. hxg6 Qg7 25. gxh7 Qg3 26. Rf3 Qxh3 27. Rxh3 f4 28. Bf2 Nxf2 29. Kxf2 Kxh7 30. Kf1 Rae8 31. b4 Bxd4 32. Rxd4 Kg6 33. Rd6+ Kg5 34. Kf2 Bc8 35. Rd5+ Kg6 36. Rhh5 1/2-1/2

[Event "EU-ch (Women) 24th"]
[Site "Rhodes"]
[Date "2024.04.26"]
[Round "7"]
[White "Pavlidou, Ekaterini"]
[Black "Tashkinova, Sofiia"]
[Result "1-0"]
[WhiteElo "2201"]
[BlackElo "2066"]
[PlyCount "65"]
[EventDate "2024.04.19"]
[EventType "swiss"]
[EventRounds "10"]
[EventCountry "GRE"]
[SourceTitle "CBM 219 Extra"]
[Source "ChessBase"]
[SourceDate "2024.05.31"]
[SourceVersion "1"]
[SourceVersionDate "2024.05.31"]
[SourceQuality "1"]

1. d4 Nf6 2. c4 e6 3. Nc3 d5 4. cxd5 exd5 5. Bg5 Bb4 6. Qb3 c5 7. dxc5 Nc6 8. 0-0-0 Be6 9. e4 d4 10. Bc4 Qe7 11. Nd5 Qxc5 12. Bxf6 gxf6 13. a3 Ba5 14. Kb1 0-0-0 15. Ne2 Kb8 16. Rc1 Ne5 17. Nef4 Qd6 18. Rhd1 f5 19. f3 fxe4 20. fxe4 f5 21. Nxe6 Qxe6 22. Nf4 Qd7 23. Be6 Qd6 24. exf5 Nd7 25. Bd5 Nb6 26. Rxd4 Qe5 27. Rcd1 Qxf5+ 28. Be4 Qf6 29. Ne6 Rxd4 30. Qg3+ Ka8 31. Nc7+ Kb8 32. Na6+ Ka8 33. Qb8+ 1-0

[Event "EU-ch (Women) 24th"]
[Site "Rhodes"]
[Date "2024.04.23"]
[Round "5"]
[White "Hoolt, Sarah"]
[Black "Tashkinova, Sofiia"]
[Result "0-1"]
[WhiteElo "2296"]
[BlackElo "2066"]
[PlyCount "128"]
[EventDate "2024.04.19"]
[EventType "swiss"]
[EventRounds "10"]
[EventCountry "GRE"]
[SourceTitle "CBM 219 Extra"]
[Source "ChessBase"]
[SourceDate "2024.05.31"]
[SourceVersion "1"]
[SourceVersionDate "2024.05.31"]
[SourceQuality "1"]

1. e4 e5 2. Nf3 Nc6 3. d4 exd4 4. Nxd4 Qe7 5. Nc3 Nf6 6. Bf4 d6 7. Bb5 Bd7 8. Bxc6 bxc6 9. 0-0 g6 10. e5 Nh5 11. Re1 d5 12. Be3 Ng7 13. Qd2 Ne6 14. Nxe6 Qxe6 15. Ne2 h6 16. c4 dxc4 17. Rad1 Rd8 18. Nc3 Be7 19. Bxh6 Qg4 20. Bg7 Be6 21. Qxd8+ Bxd8 22. Bxh8 Be7 23. Bf6 Qf5 24. Ne4 Bd5 25. f3 Bb4 26. Re2 Kd7 27. Nc3 Ke6 28. Ne4 Kd7 29. a3 Ba5 30. Nc5+ Kc8 31. Bh4 Bb6 32. Bf2 Qg5 33. Ne4 Qxe5 34. Bxb6 cxb6 35. Nc3 Qd6 36. Kh1 Qc5 37. Re5 f6 38. Re8+ Kd7 39. Rh8 Qf2 40. Rh7+ Ke6 41. Rb1 b5 42. h3 a5 43. Rb7 Kd6 44. Rb8 Kc7 45. Re8 b4 46. Re2 Qc5 47. axb4 axb4 48. Ne4 Qd4 49. Rc2 f5 50. Nf2 Qe3 51. Kg1 g5 52. Kf1 c3 53. b3 Qe6 54. Re2 Qg8 55. Re7+ Kd6 56. Rb7 c5 57. Rb6+ Kc7 58. Rf6 Bxb3 59. Re1 Bc4+ 60. Kg1 c2 61. Rxf5 b3 62. Rxc5+ Kb6 63. Ne4 b2 64. Rxg5 c1Q 0-1

[Event "EU-ch (Women) 24th"]
[Site "Rhodes"]
[Date "2024.04.21"]
[Round "3"]
[White "Tsolakidou, Stavroula"]
[Black "Tashkinova, Sofiia"]
[Result "1-0"]
[WhiteElo "2424"]
[BlackElo "2066"]
[PlyCount "77"]
[EventDate "2024.04.19"]
[EventType "swiss"]
[EventRounds "10"]
[EventCountry "GRE"]
[SourceTitle "CBM 219 Extra"]
[Source "ChessBase"]
[SourceDate "2024.05.31"]
[SourceVersion "1"]
[SourceVersionDate "2024.05.31"]
[SourceQuality "1"]

1. Nf3 d5 2. g3 Nf6 3. Bg2 c5 4. 0-0 e6 5. c4 d4 6. e3 Nc6 7. exd4 cxd4 8. d3 Bc5 9. Bg5 h6 10. Bxf6 Qxf6 11. Nbd2 Qe7 12. Qe2 0-0 13. Ne5 Bd7 14. Nb3 Rfd8 15. f4 a5 16. Nxd7 Rxd7 17. Bxc6 bxc6 18. Qe4 Rc7 19. f5 exf5 20. Qxf5 Bd6 21. Rae1 Qd8 22. Re2 a4 23. Nd2 Re7 24. Ne4 Ra5 25. Qg4 Rae5 26. Ref2 Bc5 27. Rf4 Qb8 28. Nf6+ Kh8 29. Nd7 Rxd7 30. Qxd7 f6 31. Qxc6 Qxb2 32. Rxf6 Qd2 33. R6f5 Qe3+ 34. Kg2 Rxf5 35. Rxf5 Bb4 36. Qa8+ Kh7 37. Qe4 Qxe4+ 38. dxe4 d3 39. Rd5 1-0